Sports Quiz

Random Sports or NBA Quiz

NBA Scorers by Draft Pick Quiz Stats

 Plays Quiz Updated Jul 5, 2019

Score 0/60 Timer 08:00
24 Plays Today
Draft Pick Player % Correct
3Michael Jordan
94.1%
1Kareem Abdul-Jabbar
88.9%
13Karl Malone
70.3%
49Eddie Johnson
69.2%
56Mickey Johnson
69.2%
29Eddie Johnson
68.9%
2Jerry West
57.9%
5Kevin Garnett
56.4%
10Paul Pierce
55.9%
38Mehmet Okur
53.7%
11Reggie Miller
51.5%
16John Stockton
48.6%
14Clyde Drexler
38.1%
17Shawn Kemp
32.6%
57Manu Ginobili
29%
7John Havlicek
29%
15Steve Nash
28.3%
36Clifford Robinson
27.6%
9Dirk Nowitzki
26.9%
43Michael Redd
26.5%
47Paul Millsap
21.3%
8Robert Parish
20.9%
42Stephen Jackson
20.8%
28Tony Parker
19.8%
60Isaiah Thomas
19%
40George Gervin
14.5%
32Rashard Lewis
13.4%
23Alex English
11.7%
24Latrell Sprewell
10.5%
6Adrian Dantley
10.5%
Draft Pick Player % Correct
12Chet Walker
10.4%
4Antawn Jamison
9.7%
19Zach Randolph
8.6%
26Vlade Divac
8.3%
44Malik Rose
7.9%
37Nick Van Exel
7.6%
34Norm Van Lier
7.4%
39Kevin Porter
7.1%
33Bob Love
7%
20Larry Nance
6.5%
46Jeff Hornacek
5.9%
31Danny Ainge
5.8%
21Michael Finley
4.6%
48Marc Gasol
4.4%
18Calvin Murphy
4.4%
58Henry Bibby
4.2%
52Donald Royal
3.9%
59Pat Cummings
3.5%
51Kyle Korver
3.3%
53Anthony Mason
2.8%
41Cuttino Mobley
2.7%
27Elden Campbell
2.4%
22Norm Nixon
2.3%
45Bob Dandridge
2%
25John Drew
1.3%
30Spencer Haywood
1.3%
55Patty Mills
1.3%
54Sam Mitchell
1.2%
35Carlos Boozer
0.6%
50Larry Kenon
0.3%

You're not logged in!

Compare scores with friends on all Sporcle quizzes.
OR
Log In

Sporcle TV

Today on Sporcle TV


Watch our educational content, quiz creation guides, and fun videos on Sporcle TV.

Show Comments

Extras

Top Quizzes Today


Score Distribution

Your Account Isn't Verified!

In order to create a playlist on Sporcle, you need to verify the email address you used during registration. Go to your Sporcle Settings to finish the process.

Report this User

Report this user for behavior that violates our Community Guidelines.

Details: